00285pab a2200121 454500008004000000100002100040245001900061260000900080300000900089362001100098650002800109773002600137180718b1998 xxu||||| |||| 00| 0 eng d aBalachandran, V. aLiberalisation c1998 ap.10 a23 Mar aEconomic liberalization aHindu (Business Line)